Geography Quiz

Random Geography or City Quiz

-lphabetized: Cities Quiz Stats

 Plays Quiz not verified by Sporcle

Score 0/12 Timer 03:00
28 Plays Today
Question Answer Wrong Answers
1st -arcelona
85.8%
-ubai
2.3%
-agos
1.1%
-io de Janeiro
0.8%
1st -uckland
83%
-ouala
1.7%
-raków
3%
-uezon City
1.7%
3rd -onte Carlo
82.6%
-ordeaux
2.2%
-ong Kong
3.3%
-el Aviv
2.6%
2nd -lasgow
82.4%
-elfast
5%
-illehammer
3.3%
-ão Paulo
1.2%
4th -urich
80.6%
-ologne
3.3%
-ohannesburg
2%
-huket
5.6%
4th -enice
79.5%
-asablanca
2%
-zmir
3.1%
-unich
5.8%
3rd -umbai
76.4%
-ancún
3.7%
-stanbul
4.7%
-oronto
5.1%
1st -bidjan
76%
-ar es Salaam
9%
-arachi
3%
-unta Cana
1.7%
4th -okohama
73.1%
-hittagong
5.4%
-eju Island
6.8%
-ew York City
4.8%
3rd -edellín
72.9%
-irmingham
2.5%
-o Chi Minh City
7.3%
-ydney
8.6%
2nd -iroshima
70.6%
-engaluru
6.4%
-os Angeles
10.9%
-ochi
3.4%
2nd -uayaquil
49%
-elize City
4.8%
-iverpool
34.2%
-hanghai
2.5%

You're not logged in!

Compare scores with friends on all Sporcle quizzes.
OR
Log In

Show Comments

Extras

Top Quizzes Today


Score Distribution

Your Account Isn't Verified!

In order to create a playlist on Sporcle, you need to verify the email address you used during registration. Go to your Sporcle Settings to finish the process.

Report this User

Report this user for behavior that violates our Community Guidelines.

Details: